书目信息 |
| 题名: |
建筑环境测试技术
|
|
| 作者: | 陈友明 著 | |
| 分册: | ||
| 出版信息: | 北京 机械工业出版社 2009.5 |
|
| 页数: | 415页 | |
| 开本: | 26cm | |
| 丛书名: | ||
| 单 册: | ||
| 中图分类: | TU-856 | |
| 科图分类: | ||
| 主题词: | 建筑艺术--关系 | |
| 电子资源: | ||
| ISBN: | 978-7-111-26257-2 | |
| 000 | 00657 nam 000229 | |
| 001 | 0100012688 | |
| 005 | 20120330144153.09 | |
| 010 | @a978-7-111-26257-2@dCNY42.00 | |
| 100 | @a20091113d2003 em y0chiy0121 ea | |
| 101 | @achi | |
| 102 | @aCN@b110000 | |
| 105 | @ay z 000yy | |
| 200 | 10 | @a建筑环境测试技术@9jian zhu huan jing ce shi ji shu@f陈友明著@Fchen you ming zhu |
| 210 | @a北京@c机械工业出版社@d2009.5 | |
| 215 | @a415页@d26cm | |
| 540 | @a建筑环境测试技术 | |
| 606 | @a建筑艺术@x关系 | |
| 690 | @aTU-856@v4 | |
| 701 | 0 | @a陈友明@9chen you ming@4著 |
| 801 | @aCN@bCQULIB@c20020616 | |
| 901 | @a209121 | |
| 905 | @b940142-44@dTU-856@eC624@f3 | |
| 建筑环境测试技术/陈友明著.-北京:机械工业出版社,2009.5 |
| 415页;26cm |
| ISBN 978-7-111-26257-2:CNY42.00 |
| ● |
| 相关链接 |
|
|
|
正题名:建筑环境测试技术
索取号:TU-856/C624
 
预约/预借
| 序号 | 登录号 | 条形码 | 馆藏地/架位号 | 状态 | 备注 |
| 1 | 486245 | 204862452 | 能源与建筑环境工程学院资料室/ [索取号:TU-856/C624] | 在馆 | |
| 2 | 940142 | 209401422 | 建筑库101/101建筑库 17排1列3层/ [索取号:TU-856/C624] | 在馆 | |
| 3 | 940143 | 209401431 | 建筑库101/101建筑库 17排1列3层/ [索取号:TU-856/C624] | 在馆 | |
| 4 | 940144 | 209401440 | 建筑库101/101建筑库 17排1列3层/ [索取号:TU-856/C624] | 在馆 |